| 000 | 00000nas 2200000za 4500 |
| 001 | 9.842211 |
| 003 | CaOODSP |
| 005 | 20221107152257 |
| 007 | cr ||||||||||| |
| 008 | 170822d19251934oncar p oss f0###a0eng|d |
| 022 | |y0844-6806 |
| 040 | |aCaOODSP|beng |
| 043 | |an-cn--- |
| 086 | 1 |aCS11-204E-PDF |
| 110 | 1 |aCanada. |bDominion Bureau of Statistics. |
| 245 | 10|aList of publications including reports, bulletins, press releases, etc. |h[electronic resource]. |
| 260 | |a[Ottawa] : |bDominion Bureau of Statistics, |c[1925-1934] |
| 310 | |aAnnual |
| 362 | 0 |a[1925-1934] |
| 500 | |aDigitized edition from print [produced by Statistics Canada]. |
| 500 | |aIssued also in French under title: Liste des publications comprenant rapports, bulletins, communiqués à la presse, etc. |
| 515 | |aIssues for 1926, 1928-1933 not published. |
| 692 | 07|2gccst|aStatistics |
| 692 | 07|2gccst|aPublishing |
| 775 | 08|tListe des publications comprenant rapports, bulletins, communiqués à la presse, etc. |w(CaOODSP)9.842212 |
| 785 | 00|tPublications of the Dominion Bureau of Statistics including reports, bulletins, press releases, etc. |w(CaOODSP)9.842213 |